Central Library OPAC University of Rajshahi

U.S. foreign policy and multilateral development banks / (Record no. 42264)

MARC details
000 -LEADER
fixed length control field 01367cam a2200373 a 4500
001 - CONTROL NUMBER
control field 42264
003 - CONTROL NUMBER IDENTIFIER
rucl marc code BD-RjUL
005 - DATE AND TIME OF LATEST TRANSACTION
control field 20211209053520.0
008 - FIXED-LENGTH DATA ELEMENTS--GENERAL INFORMATION
fixed length control field 160611s1982 cou b 001 0 eng
020 ## - INTERNATIONAL STANDARD BOOK NUMBER
International Standard Book Number 0865311897
035 ## - SYSTEM CONTROL NUMBER
System control number (BD-RjUL) 42382
System control number 387937
040 ## - CATALOGING SOURCE
Original cataloging agency LC
Language of cataloging eng
Transcribing agency LC
Modifying agency XNTU
-- (BD-RjUL)
041 ## - LANGUAGE CODE
Language code of text/sound track or separate title eng
082 04 - DEWEY DECIMAL CLASSIFICATION NUMBER
Classification number 332.153
Edition number 19
Author mark and year SAU 1982
100 1# - MAIN ENTRY--PERSONAL NAME
Personal name Sanford, Jonathan E.
9 (RLIN) 129972
245 10 - TITLE STATEMENT
Title U.S. foreign policy and multilateral development banks /
Statement of responsibility, etc. Jonathan E. Sanford.
246 3# - VARYING FORM OF TITLE
Title proper/short title United States foreign policy and multilateral development banks
Title proper/short title US foreign policy and multilateral development banks
260 ## - PUBLICATION, DISTRIBUTION, ETC. (IMPRINT)
Place of publication, distribution, etc. Boulder, Colo. :
Name of publisher, distributor, etc. Westview Press,
Date of publication, distribution, etc. 1982.
300 ## - PHYSICAL DESCRIPTION
Pagination xiv, 279 p. ;
Size 24 cm.
500 ## - GENERAL NOTE
General note Includes index.
504 ## - BIBLIOGRAPHY, ETC. NOTE
Bibliography, etc Bibliography: p. 263-272.
650 #0 - SUBJECT ADDED ENTRY--TOPICAL TERM
Topical term or geographic name as entry element Financial institutions, International.
9 (RLIN) 129974
Topical term or geographic name as entry element Development banks.
9 (RLIN) 129975
Topical term or geographic name as entry element Economic assistance, American.
9 (RLIN) 129976
651 #0 - SUBJECT ADDED ENTRY--GEOGRAPHIC NAME
Geographic name United States
General subdivision Foreign relations
Chronological subdivision 1945-1989.
9 (RLIN) 129977
942 ## - ADDED ENTRY ELEMENTS (KOHA)
Source of classification or shelving scheme Dewey Decimal Classification
Koha item type Books
Holdings
Lost status Source of classification or shelving scheme Damaged status Not for loan Collection code Permanent Location Current Location Shelving location Date acquired Source of acquisition Total Checkouts Full call number Date last seen Copy number Koha item type
  Dewey Decimal Classification     Non-fiction Central Library, University of Rajshahi Central Library, University of Rajshahi   20/08/1988 Aligorh Library, Rajshahi   332.153 SAU 1982 11/06/2016 C-2 Books